| 000 | 00856nam a2200253 a 4500 | ||
|---|---|---|---|
| 003 | CO-ViMGA | ||
| 005 | 20230915233128.0 | ||
| 008 | 150714s2014 ve a gr 0001p spa d | ||
| 020 | _a9789585910218 | ||
| 040 |
_aCO-ViMGA _bspa _cCO-ViMGA |
||
| 043 | _as-ve--- | ||
| 090 | _aA FARA | ||
| 100 | 1 | 0 |
_aFara̕, Rosana _d1963- _923159 |
| 245 | 1 | 0 |
_aArepita de manteca _cRosana Fara̕ |
| 250 | _aEdicin̤ especial para El Ministerio de Cultura | ||
| 260 |
_aCaracas _bEdiciones Ekar _c2014 |
||
| 300 |
_a[12] pg̀inas _bilustraciones _c14 cm |
||
| 490 | _aLeer es mi cuento | ||
| 650 | 1 | 4 |
_aLibros ilustrados para niǫs _2LEMB _916 |
| 650 | 1 | 4 |
_aLiteratura infantil venezolana _2LEMB _ySiglo XX _98550 |
| 650 | 1 | 4 |
_aℓlbumes infantiles venezolanos _2LEMB _ySiglo XX _926503 |
| 650 | 1 | 4 |
_aPoesa̕ infantil venezolana _2LEMB _ySiglo XX _98541 |
| 942 |
_2ddc _cBK |
||
| 999 |
_c3965 _d3965 |
||